| 000 | 02592pam a2200325 a 4500 | ||
|---|---|---|---|
| 001 | 617779 | ||
| 003 | OSt | ||
| 005 | 20210414114517.0 | ||
| 008 | 920819s1993 paua bf 001 0 eng c | ||
| 010 | _a 92049348 | ||
| 020 | _a0397549385 | ||
| 040 |
_aDNLM/DLC _cDLC _dDLC |
||
| 050 | 0 | 0 | _aRT48.N863 |
| 060 | _aWY 39 N9736 | ||
| 082 | 0 | 0 |
_a610.73 _220 |
| 245 | 0 | 0 |
_aNurses' handbook of health assessment. / _c[edited by] Janet Weber. |
| 250 | _a2nd ed. | ||
| 260 |
_aPhiladelphia : _bJ. B. Lippincott Company, _cc1993. |
||
| 300 |
_axv, 457 p. : _bill. (some col.) ; _c19 cm. |
||
| 500 | _aIncludes bibliographical references (p. 440-442) and index. | ||
| 505 | _aContents: The Nursing health history: Definition and purpose -- Nursing model versus medical model -- Guidelines for obtaining a nursing health history -- Components of the nursing health history: Client profile -- Developmental history -- Health perception-health management pattern -- Nutritional-metabolic pattern -- Elimination pattern -- Activity-exercise pattern -- Sexuality-reproduction pattern -- Sleep-rest pattern -- Sensory-perceptual pattern -- Cognitive pattern -- Role-relationship pattern -- Self-perception-self-concept pattern -- Coping-stress tolerance pattern -- Value-belief pattern -- Physical assessment -- General physical survey -- Skin, hair, and nail assessment -- Head, neck, and cervical lymph node assessment -- Mouth, oropharynx, nose, and sinus assessment: Mouth and oropharynx assessment -- Nose and sinus assessment -- Eye assessment --Ear assessment -- Thoracic and lung assessment -- Cardiac assessment -- Peripheral vascular assessment -- Breast assessment -- Abdominal assessment -- Genitourinary-reproductive assessment: Assessment of inguinal area -- Assessment of external rectal area -- Assessment of female genitalia -- Assessment of male genitalia -- Musculoskeletal assessment -- Neurological assessment: Mental status assessment -- Cranial nerve assessment -- Sensory nerve assessment -- Motor assessment -- Cerebellar assessment -- Reflex assessment -- Maternal physical assessment: Prenatal maternal assessment -- Prenatal fetal assessment -- Intrapartal maternal assessment -- Postpartal maternal assessment -- Nutritional assessment. | ||
| 650 | 0 |
_aNursing assessment _vHandbooks, manuals, etc. |
|
| 650 | 2 |
_aNursing Assessment _xhandbooks. |
|
| 650 | 2 |
_aPhysical Examination _xhandbooks. |
|
| 700 | 1 | _aWeber, Janet. | |
| 740 | 0 | _aHealth assessment. | |
| 906 |
_a7 _bcbc _corignew _d1 _eocip _f19 _gy-gencatlg |
||
| 942 |
_2lcc _cBK |
||
| 999 |
_c5949 _d13449 |
||